| 000 | 00524nam a22001817a 4500 | ||
|---|---|---|---|
| 003 | OSt | ||
| 005 | 20140310181753.0 | ||
| 008 | 130628t xxu||||| |||| 00| 0 eng d | ||
| 020 | _a9710868179 | ||
| 050 |
_aPE 1404 _b.Sa237 2008 |
||
| 082 |
_aFIL 808 _bS237 2008 |
||
| 245 |
_aBottomless or refill? : 120 sources of writing ideas and prompts / _cLizzie R. Santos. |
||
| 260 |
_aMandaluyong City : _bNational Book Store, _c2008. |
||
| 300 |
_axvi. 114 p. : _c22 cm. |
||
| 562 | _e1 | ||
| 942 |
_2lcc _cBK |
||
| 999 |
_c3306 _d3306 |
||